[Event "2. BUNDESLIGA MITTE 2018/2019"]
[Site "Grieskirchen, Friedberg/Sauwald, St. Veit, Deutschlandsberg"]
[Date "2019.01.20"]
[Round "8"]
[Board "2"]
[White "Renner, Christoph"]
[Black "Milanovic, Danilo"]
[Result "0-1"]
[WhiteElo "2317"]
[BlackElo "2493"]
[PlyCount "106"]
[EventDate "2018.10.19"]
[EventType "team"]
[EventRounds "11"]
[EventCountry "AUT"]
[WhiteTeam "SPG Sauwald"]
[BlackTeam "SC Pinggau-Friedberg"]

1. Nf3 Nf6 2. g3 d5 3. Bg2 Bf5 4. d3 e6 5. O-O h6 6. Nfd2 Bh7 7. e4 Be7 8. Nc3
O-O 9. f4 Nc6 10. Kh1 dxe4 11. dxe4 Nd7 12. Nf3 Bb4 13. Qe2 Nc5 14. e5 Bxc3 15.
bxc3 Na4 16. Ba3 Re8 17. Qb5 Nb6 18. Rad1 Qc8 19. g4 Nd5 20. g5 Nxc3 21. Qc4
Nxd1 22. Rxd1 h5 23. Nh4 Rd8 24. Rg1 Rd4 25. Qf1 Qd8 26. Bc1 Bxc2 27. Qe2 Bd1
28. Qb2 Ba4 29. Qxb7 Rb8 30. Qa6 Rb6 31. Qe2 Rd1 32. Be3 Rbb1 33. Qxh5 Rxg1+
34. Bxg1 Bd1 35. Nf3 Qd3 36. g6 Qxg6 37. Qh3 Ne7 38. Ng5 Bc2 39. Qa3 Qd3 40.
Qxa7 Qd8 41. Qf2 Bf5 42. h4 Nd5 43. h5 Qb8 44. Qg3 Qb6 45. Nf3 Qe3 46. Qg5 Qxf4
47. Qd8+ Kh7 48. Ng5+ Kh6 49. Nxf7+ Kxh5 50. Qh8+ Kg6 51. Nd8 Qh6+ 52. Qxh6+
Kxh6 53. a4 Nf4  0-1

[Event "2. BUNDESLIGA MITTE 2018/2019"]
[Site "Grieskirchen, Friedberg/Sauwald, St. Veit, Deutschlandsberg"]
[Date "2019.01.20"]
[Round "8"]
[Board "3"]
[White "Schnider, Gert"]
[Black "Testor, Sebastian"]
[Result "1/2-1/2"]
[WhiteElo "2424"]
[BlackElo "2293"]
[PlyCount "157"]
[EventDate "2018.10.19"]
[EventType "team"]
[EventRounds "11"]
[EventCountry "AUT"]
[WhiteTeam "SC Pinggau-Friedberg"]
[BlackTeam "SPG Sauwald"]

1. e4 e6 2. d4 d5 3. Nc3 Nf6 4. e5 Nfd7 5. f4 c5 6. Nf3 Nc6 7. Be3 Be7 8. Qd2
O-O 9. dxc5 Bxc5 10. O-O-O Qa5 11. a3 Rd8 12. Nd4 a6 13. Nb3 Bxe3 14. Qxe3 Qc7
15. Ne2 b6 16. Ned4 Nc5 17. Bd3 Nxb3+ 18. Nxb3 a5 19. Bb5 Ne7 20. Nd4 Ba6 21.
Qd3 Bxb5 22. Nxb5 Qc5 23. g4 Rac8 24. Rhf1 Qc4 25. Kb1 Ng6 26. Nd6 Qxd3 27.
cxd3 Rc6 28. d4 f6 29. Rde1 Rf8 30. a4 fxe5 31. fxe5 Rf4 32. Rxf4 Nxf4 33. Rf1
Ne2 34. Rd1 Nf4 35. Rd2 Kf8 36. Rc2 Rxc2 37. Kxc2 Ke7 38. b4 axb4 39. Kb3 Ne2
40. Nb5 Kd7 41. Kxb4 Kc6 42. Na7+ Kb7 43. Nb5 Kc6 44. Na7+ Kd7 45. Nb5 g5 46.
Kb3 Ng1 47. Kc3 Nf3 48. h3 Ng1 49. Kd3 Nxh3 50. Ke3 Nf4 51. Nd6 h5 52. gxh5
Nxh5 53. Kf3 Nf4 54. Kg4 Nd3 55. Nb5 Nb2 56. Nc3 Ke7 57. Kxg5 Kf7 58. Kh6 Nc4
59. Nb5 Nb2 60. Nd6+ Ke7 61. Nc8+ Kd7 62. Nxb6+ Kc6 63. a5 Nc4 64. Na4 Ne3 65.
a6 Nf5+ 66. Kg6 Nxd4 67. Kf6 Nb5 68. Kxe6 Nc7+ 69. Kf7 Nxa6 70. e6 Nc7 71. e7
d4 72. Nb2 Kd5 73. Nd3 Kc4 74. Nf4 d3 75. Ne6 d2 76. Nxc7 d1=Q 77. e8=Q Qh5+
78. Ke7 Qxe8+ 79. Nxe8  1/2-1/2

[Event "2. BUNDESLIGA MITTE 2018/2019"]
[Site "Grieskirchen, Friedberg/Sauwald, St. Veit, Deutschlandsberg"]
[Date "2019.01.20"]
[Round "8"]
[Board "4"]
[White "Taggatz, Mario"]
[Black "Mahdy, Khaled"]
[Result "1-0"]
[WhiteElo "2210"]
[BlackElo "2382"]
[PlyCount "89"]
[EventDate "2018.10.19"]
[EventType "team"]
[EventRounds "11"]
[EventCountry "AUT"]
[WhiteTeam "SPG Sauwald"]
[BlackTeam "SC Pinggau-Friedberg"]

1. d4 Nf6 2. Nf3 g6 3. Bg5 Bg7 4. Nbd2 d5 5. e3 O-O 6. Be2 c5 7. c3 cxd4 8.
exd4 Nc6 9. O-O h6 10. Bh4 Ne4 11. Ne1 Nd6 12. Nd3 Nf5 13. Bg3 Nxg3 14. hxg3
Bf5 15. Re1 Qd6 16. Nf3 Bxd3 17. Qxd3 Rab8 18. a4 e6 19. Qe3 a6 20. Qf4 Qxf4
21. gxf4 Rfc8 22. a5 Bf8 23. Nd2 Bd6 24. g3 Rc7 25. Ra2 Kg7 26. Bf1 g5 27. fxg5
hxg5 28. Re3 Re7 29. b4 e5 30. dxe5 Rxe5 31. Rd3 g4 32. Nb3 Rh8 33. Rad2 Rhh5
34. Nd4 Ne7 35. Ne2 Re6 36. Rd4 f5 37. Nf4 Bxf4 38. Rxf4 Reh6 39. Bg2 Re6 40.
f3 Re3 41. fxg4 Rh6 42. Kf2 Rxc3 43. gxf5 Kf6 44. Re2 Rh2 45. g4  1-0

[Event "2. BUNDESLIGA MITTE 2018/2019"]
[Site "Grieskirchen, Friedberg/Sauwald, St. Veit, Deutschlandsberg"]
[Date "2019.01.20"]
[Round "8"]
[Board "5"]
[White "Schieder, Andreas"]
[Black "Hiermann, Dietmar"]
[Result "1-0"]
[WhiteElo "2205"]
[BlackElo "2203"]
[PlyCount "73"]
[EventDate "2018.10.19"]
[EventType "team"]
[EventRounds "11"]
[EventCountry "AUT"]
[WhiteTeam "SC Pinggau-Friedberg"]
[BlackTeam "SPG Sauwald"]

1. e4 e5 2. Nf3 Nc6 3. Bc4 Bc5 4. O-O d6 5. c3 Nf6 6. d3 h6 7. a4 a6 8. a5 O-O
9. Qe2 Ba7 10. Be3 Re8 11. Nbd2 Qe7 12. h3 Be6 13. Bxe6 Qxe6 14. Nh4 d5 15.
Bxa7 Nxa7 16. Nf5 Nc6 17. Kh2 Ne7 18. Ne3 Rad8 19. g3 Rd7 20. Rad1 Red8 21.
exd5 Nexd5 22. Nec4 Re7 23. Rfe1 Rde8 24. Qf3 Qd7 25. Re2 b5 26. axb6 cxb6 27.
Ne4 b5 28. Ncd6 Nxe4 29. dxe4 Qxd6 30. Rxd5 Qb6 31. Red2 Re6 32. Kg2 g6 33. Rd7
R8e7 34. Rd8+ Re8 35. R2d7 f6 36. Qg4 f5 37. Qxg6+  1-0

[Event "2. BUNDESLIGA MITTE 2018/2019"]
[Site "Grieskirchen, Friedberg/Sauwald, St. Veit, Deutschlandsberg"]
[Date "2019.01.20"]
[Round "8"]
[Board "6"]
[White "Hellmayr, Alois"]
[Black "Danner, Georg"]
[Result "1-0"]
[WhiteElo "2283"]
[BlackElo "2330"]
[PlyCount "95"]
[EventDate "2018.10.19"]
[EventType "team"]
[EventRounds "11"]
[EventCountry "AUT"]
[WhiteTeam "SPG Sauwald"]
[BlackTeam "SC Pinggau-Friedberg"]

1. Nf3 c5 2. b3 g6 3. Bb2 Nf6 4. c4 Bg7 5. g3 O-O 6. Bg2 Nc6 7. Nc3 d5 8. Nxd5
Nxd5 9. Bxg7 Kxg7 10. cxd5 Qxd5 11. O-O Qd6 12. Qc2 Bg4 13. Rac1 b6 14. d4 Bxf3
15. dxc5 Qf6 16. Bxf3 Nd4 17. Qe4 bxc5 18. Rxc5 Rac8 19. Rfc1 Rxc5 20. Rxc5
Nxf3+ 21. exf3 Qa1+ 22. Kg2 Qxa2 23. b4 Qe6 24. Qxe6 fxe6 25. Rc7 Kf6 26. Rxa7
Rb8 27. Ra4 e5 28. Kf1 e4 29. fxe4 Ke5 30. f3 Rc8 31. b5 Rc1+ 32. Ke2 Rb1 33.
f4+ Kf6 34. Ra6+ e6 35. b6 h6 36. Kd3 g5 37. Kc4 gxf4 38. gxf4 Ke7 39. Kc5 Rc1+
40. Kb5 Kd7 41. Ra8 Rb1+ 42. Ka6 Ra1+ 43. Kb7 Rf1 44. Ra4 Rxf4 45. Ka7 Rf7 46.
b7 Kc6 47. Ra6+ Kc5 48. Rxe6  1-0

[Event "2. BUNDESLIGA MITTE 2018/2019"]
[Site "Grieskirchen, Friedberg/Sauwald, St. Veit, Deutschlandsberg"]
[Date "2019.01.20"]
[Round "8"]
[Board "1"]
[White "Korpa, Bence"]
[Black "Nemeth, Miklos"]
[Result "1/2-1/2"]
[WhiteElo "2503"]
[BlackElo "2491"]
[PlyCount "73"]
[EventDate "2018.10.19"]
[EventType "team"]
[EventRounds "11"]
[EventCountry "AUT"]
[WhiteTeam "SPG Fuerstenfeld/Hartberg"]
[BlackTeam "SV Steyregg"]

1. Nf3 Nf6 2. g3 b6 3. Bg2 Bb7 4. O-O e6 5. d3 d5 6. Nbd2 Be7 7. e4 dxe4 8.
dxe4 O-O 9. Qe2 Nc6 10. Rd1 Qe8 11. e5 Nd7 12. Nb3 Rd8 13. Bf4 a5 14. Qc4 Nb4
15. a3 Nd5 16. Bd2 Kh8 17. Qe2 a4 18. Nc1 Nc5 19. c4 Ba6 20. Be1 c6 21. Qc2 Nc7
22. Nd4 Bb7 23. Bc3 f6 24. Nf3 Qg6 25. Qe2 N7a6 26. Na2 Nb8 27. Rxd8 Rxd8 28.
Rd1 Rxd1+ 29. Qxd1 Ba6 30. exf6 gxf6 31. Ne5 Qf5 32. Nxc6 Nxc6 33. Bxc6 Bxc4
34. Nb4 b5 35. f3 Kg7 36. Kg2 Kf7 37. Qc2  1/2-1/2

[Event "2. BUNDESLIGA MITTE 2018/2019"]
[Site "Grieskirchen, Friedberg/Sauwald, St. Veit, Deutschlandsberg"]
[Date "2019.01.20"]
[Round "8"]
[Board "2"]
[White "Kovacs, Gabor"]
[Black "Poetz, Florian"]
[Result "1/2-1/2"]
[WhiteElo "2457"]
[BlackElo "2387"]
[PlyCount "65"]
[EventDate "2018.10.19"]
[EventType "team"]
[EventRounds "11"]
[EventCountry "AUT"]
[WhiteTeam "SV Steyregg"]
[BlackTeam "SPG Fuerstenfeld/Hartberg"]

1. d4 Nf6 2. Nf3 e6 3. c4 Bb4+ 4. Nbd2 O-O 5. a3 Be7 6. e3 b6 7. Bd3 Bb7 8. O-O
c5 9. b3 d6 10. Bb2 Nbd7 11. Qe2 Re8 12. Rfd1 Qc7 13. Rac1 Bf8 14. Bb1 Rac8 15.
Ne1 Qb8 16. Nd3 cxd4 17. exd4 Qa8 18. f3 g6 19. Qf2 Bg7 20. Re1 Qb8 21. Rcd1 d5
22. Ne5 dxc4 23. bxc4 Nxe5 24. Rxe5 Red8 25. Ree1 Ne8 26. Ba2 Nd6 27. Ba1 Qc7
28. a4 Qd7 29. Bb3 Re8 30. d5 Bxa1 31. Rxa1 exd5 32. cxd5 Qf5 33. Qd4  1/2-1/2

[Event "2. BUNDESLIGA MITTE 2018/2019"]
[Site "Grieskirchen, Friedberg/Sauwald, St. Veit, Deutschlandsberg"]
[Date "2019.01.20"]
[Round "8"]
[Board "3"]
[White "Freitag, Manfred"]
[Black "Enoeckl, Philipp"]
[Result "1-0"]
[WhiteElo "2357"]
[BlackElo "2291"]
[PlyCount "113"]
[EventDate "2018.10.19"]
[EventType "team"]
[EventRounds "11"]
[EventCountry "AUT"]
[WhiteTeam "SPG Fuerstenfeld/Hartberg"]
[BlackTeam "SV Steyregg"]

1. e4 e6 2. d4 d5 3. Nc3 Bb4 4. e5 Ne7 5. a3 Bxc3+ 6. bxc3 c5 7. Qg4 Kf8 8. h4
Qa5 9. Bd2 Qa4 10. h5 h6 11. Qd1 b6 12. Nf3 Ba6 13. Rh4 Bxf1 14. Kxf1 Nd7 15.
Kg1 Rc8 16. dxc5 Qa6 17. c4 Rxc5 18. cxd5 Rxd5 19. Qc1 Nc5 20. Bb4 g5 21. hxg6
Nxg6 22. Rd4 Rxd4 23. Nxd4 Kg7 24. Qe3 Qb7 25. Nb5 Rd8 26. Nd6 Qe7 27. Rd1 Rf8
28. Ne4 Rd8 29. Nd6 Rf8 30. Rd4 Qg5 31. f4 Qh5 32. Rd2 Qg4 33. Rf2 Nh4 34. Kh2
Nf5 35. Nxf5+ exf5 36. Bxc5 bxc5 37. Rf3 Kh7 38. Qxc5 Qh4+ 39. Kg1 Rd8 40. Rf1
Rd7 41. Qf2 Qg4 42. c4 a5 43. c5 Rd3 44. Qc2 Qg3 45. c6 Rc3 46. Qxf5+ Qg6 47.
Qxg6+ Kxg6 48. f5+ Kg7 49. f6+ Kg8 50. Rb1 Rxc6 51. a4 Kh7 52. Rb5 Ra6 53. Kf2
Kg6 54. Ke3 Kf5 55. g4+ Kxg4 56. Ke4 h5 57. Rb7  1-0

[Event "2. BUNDESLIGA MITTE 2018/2019"]
[Site "Grieskirchen, Friedberg/Sauwald, St. Veit, Deutschlandsberg"]
[Date "2019.01.20"]
[Round "8"]
[Board "4"]
[White "Meyer, Gordon"]
[Black "Csonka, Attila"]
[Result "1/2-1/2"]
[WhiteElo "2206"]
[BlackElo "2375"]
[PlyCount "66"]
[EventDate "2018.10.19"]
[EventType "team"]
[EventRounds "11"]
[EventCountry "AUT"]
[WhiteTeam "SV Steyregg"]
[BlackTeam "SPG Fuerstenfeld/Hartberg"]

1. e4 c5 2. Nf3 e6 3. d4 cxd4 4. Nxd4 Nc6 5. Nc3 Qc7 6. Be3 a6 7. Qd2 Nf6 8.
O-O-O Be7 9. f3 b5 10. g4 Ne5 11. g5 Nh5 12. f4 Ng4 13. e5 Bb7 14. Rg1 Nxe3 15.
Qxe3 g6 16. Ne4 Bxe4 17. Qxe4 O-O 18. Kb1 Rac8 19. Bd3 Bc5 20. Rgf1 Ng7 21. h4
Qb6 22. Be2 Rfd8 23. Bg4 d5 24. exd6 Rxd6 25. Nf3 Nf5 26. Bxf5 exf5 27. Rxd6
fxe4 28. Rxb6 exf3 29. Rxa6 f2 30. Kc1 Rd8 31. Ra3 Re8 32. Kd2 Bxa3 33. bxa3
Ra8  1/2-1/2

[Event "2. BUNDESLIGA MITTE 2018/2019"]
[Site "Grieskirchen, Friedberg/Sauwald, St. Veit, Deutschlandsberg"]
[Date "2019.01.20"]
[Round "8"]
[Board "5"]
[White "Kuba, Guenter"]
[Black "Wiesinger, Robert"]
[Result "1/2-1/2"]
[WhiteElo "2329"]
[BlackElo "2233"]
[PlyCount "73"]
[EventDate "2018.10.19"]
[EventType "team"]
[EventRounds "11"]
[EventCountry "AUT"]
[WhiteTeam "SPG Fuerstenfeld/Hartberg"]
[BlackTeam "SV Steyregg"]

1. e4 e5 2. Nf3 Nc6 3. Bc4 Bc5 4. O-O Nf6 5. d3 O-O 6. a4 d6 7. c3 a5 8. Nbd2
Ba7 9. h3 Ne7 10. Re1 Ng6 11. Nf1 Be6 12. Bb3 Re8 13. Ng3 h6 14. d4 Bxb3 15.
Qxb3 Qd7 16. Be3 Qc6 17. d5 Qd7 18. Bxa7 Rxa7 19. Nd2 Nf4 20. Re3 Raa8 21. Nc4
b6 22. Na3 Nh7 23. Nb5 Ng5 24. Qc4 Rac8 25. Na7 Ra8 26. Nb5 Rac8 27. Na7 Ra8
28. Nc6 h5 29. h4 Nh7 30. f3 g6 31. b4 axb4 32. cxb4 f5 33. Ne2 Nf6 34. g3 Nh3+
35. Kg2 fxe4 36. Rh1 Nf4+ 37. gxf4  1/2-1/2

[Event "2. BUNDESLIGA MITTE 2018/2019"]
[Site "Grieskirchen, Friedberg/Sauwald, St. Veit, Deutschlandsberg"]
[Date "2019.01.20"]
[Round "8"]
[Board "6"]
[White "Holzleithner, Johannes"]
[Black "Spindelboeck, Gernot"]
[Result "1/2-1/2"]
[WhiteElo "1968"]
[BlackElo "2205"]
[PlyCount "111"]
[EventDate "2018.10.19"]
[EventType "team"]
[EventRounds "11"]
[EventCountry "AUT"]
[WhiteTeam "SV Steyregg"]
[BlackTeam "SPG Fuerstenfeld/Hartberg"]

1. e4 e6 2. d4 d5 3. Nd2 Nf6 4. e5 Nfd7 5. Bd3 c5 6. c3 Nc6 7. Ne2 cxd4 8. cxd4
f6 9. exf6 Nxf6 10. Nf3 Bd6 11. O-O Qc7 12. Bg5 O-O 13. Bh4 Nh5 14. Qc2 h6 15.
Bh7+ Kh8 16. Bg6 Nf4 17. Nxf4 Bxf4 18. Bg3 Qb6 19. Rad1 Bd7 20. Qe2 Bxg3 21.
hxg3 Rf6 22. Bb1 Be8 23. Ne5 Nxe5 24. dxe5 Rf8 25. Qd3 g6 26. Qd2 Kg7 27. Rc1
Rd8 28. Rc3 Rd7 29. Qc2 d4 30. Rb3 Qa5 31. Qe4 b6 32. Rd1 Qd5 33. Rf3 Rxf3 34.
gxf3 Qxe4 35. Bxe4 Rd8 36. f4 Bb5 37. Kg2 g5 38. fxg5 hxg5 39. Rc1 d3 40. Rd1
d2 41. Kf3 Bc4 42. b3 Bd5 43. Ke3 Bxe4 44. Kxe4 Kg6 45. Ke3 Rd5 46. Ke4 Rd7 47.
Ke3 Rd5 48. Rxd2 Rxe5+ 49. Kd4 Rd5+ 50. Ke3 Re5+ 51. Kf3 Kf6 52. Rd7 Ra5 53.
Rd2 Rf5+ 54. Ke2 Ra5 55. Rc2 Kf5 56. a4  1/2-1/2

[Event "2. BUNDESLIGA MITTE 2018/2019"]
[Site "Grieskirchen, Friedberg/Sauwald, St. Veit, Deutschlandsberg"]
[Date "2019.01.20"]
[Round "8"]
[Board "1"]
[White "Heinemann, Thies"]
[Black "Gonda, Laszlo"]
[Result "0-1"]
[WhiteElo "2509"]
[BlackElo "2530"]
[PlyCount "80"]
[EventDate "2018.10.19"]
[EventType "team"]
[EventRounds "11"]
[EventCountry "AUT"]
[WhiteTeam "EJ Gleisdorf"]
[BlackTeam "ASK St.Valentin"]

1. e4 e5 2. Nf3 Nc6 3. Bb5 Nf6 4. Qe2 Bc5 5. c3 O-O 6. d3 Re8 7. Nbd2 a6 8. Ba4
b5 9. Bb3 Bf8 10. Nf1 Na5 11. Bc2 d5 12. Bg5 dxe4 13. dxe4 Nc4 14. Rd1 Qe7 15.
Bd3 h6 16. Bxf6 Qxf6 17. Bxc4 bxc4 18. Ne3 Qg6 19. Qxc4 a5 20. Qd5 c6 21. Qd3
Ba6 22. c4 Bb4+ 23. Ke2 Bc5 24. g3 a4 25. Qc2 Bc8 26. Nf5 Qf6 27. g4 g6 28.
Nxh6+ Kg7 29. Qc1 Rb8 30. Nf5+ gxf5 31. gxf5 Bd4 32. Rhg1+ Kf8 33. b3 axb3 34.
Qa3+ Qe7 35. Qa4 Qc5 36. axb3 Bxf2 37. Rg3 Qe3+ 38. Kf1 Bxg3 39. Qa3+ Kg8 40.
Kg2 Rxb3  0-1

[Event "2. BUNDESLIGA MITTE 2018/2019"]
[Site "Grieskirchen, Friedberg/Sauwald, St. Veit, Deutschlandsberg"]
[Date "2019.01.20"]
[Round "8"]
[Board "2"]
[White "Sandhoefner, Florian"]
[Black "Polzin, Rainer"]
[Result "0-1"]
[WhiteElo "2310"]
[BlackElo "2412"]
[PlyCount "100"]
[EventDate "2018.10.19"]
[EventType "team"]
[EventRounds "11"]
[EventCountry "AUT"]
[WhiteTeam "ASK St.Valentin"]
[BlackTeam "EJ Gleisdorf"]

1. d4 Nf6 2. c4 g6 3. Nc3 Bg7 4. e4 d6 5. Nf3 O-O 6. Be2 e5 7. dxe5 dxe5 8.
Qxd8 Rxd8 9. Bg5 Nbd7 10. O-O-O Rf8 11. Nd5 c6 12. Ne7+ Kh8 13. Be3 Re8 14.
Nxc8 Raxc8 15. Nd2 Bf8 16. Nb3 c5 17. f3 Nb8 18. Rd2 b6 19. Rhd1 Nc6 20. Kb1
Kg8 21. Nc1 Nd4 22. a3 h5 23. Bf1 Kh7 24. Bf2 Bh6 25. Rd3 Bxc1 26. Rxc1 g5 27.
b4 a5 28. bxc5 bxc5 29. Bxd4 exd4 30. Rb3 Nd7 31. Kc2 Ne5 32. Rcb1 g4 33. Kd2
gxf3 34. gxf3 a4 35. Rb7 Nxf3+ 36. Kd3 Ne5+ 37. Kd2 Rc6 38. R1b6 Rxb6 39. Rxb6
Rc8 40. Rb5 Nf3+ 41. Kd1 Nxh2 42. Be2 Ng4 43. Ra5 Kg6 44. Rxa4 Ne5 45. Ra7 h4
46. Bf1 Rb8 47. Kc1 Rb3 48. Ra5 h3 49. Rxc5 h2 50. Bg2 Nd3+  0-1

[Event "2. BUNDESLIGA MITTE 2018/2019"]
[Site "Grieskirchen, Friedberg/Sauwald, St. Veit, Deutschlandsberg"]
[Date "2019.01.20"]
[Round "8"]
[Board "4"]
[White "Heimberger, Reinhard"]
[Black "Frosch, Erich"]
[Result "1/2-1/2"]
[WhiteElo "2235"]
[BlackElo "2205"]
[PlyCount "89"]
[EventDate "2018.10.19"]
[EventType "team"]
[EventRounds "11"]
[EventCountry "AUT"]
[WhiteTeam "ASK St.Valentin"]
[BlackTeam "EJ Gleisdorf"]

1. d4 Nf6 2. Nf3 e6 3. g3 b6 4. Bg2 Bb7 5. O-O Be7 6. c4 O-O 7. Nc3 Ne4 8. Qc2
f5 9. Ne5 d5 10. Be3 Nd7 11. Rfd1 Ndf6 12. f3 Nd6 13. b3 c6 14. Bf2 Rc8 15. c5
Nf7 16. Nxf7 Rxf7 17. h3 bxc5 18. dxc5 e5 19. Qxf5 Ne4 20. Qxe4 dxe4 21. Rxd8+
Rxd8 22. Nxe4 Bf8 23. Kf1 Bc8 24. g4 h6 25. Bg3 Rd5 26. Rc1 Be6 27. b4 Rb7 28.
a3 a5 29. Be1 axb4 30. axb4 Ra7 31. f4 exf4 32. Nf2 g5 33. Bxd5 Bxd5 34. Bc3
Ra2 35. Bd4 Bg7 36. Bxg7 Kxg7 37. Nd3 Be4 38. Ne5 Kf6 39. Nf3 Rb2 40. Rc4 Bxf3
41. exf3 Ke5 42. Re4+ Kd5 43. h4 Rb1+ 44. Kg2 Rb2+ 45. Kg1  1/2-1/2

[Event "2. BUNDESLIGA MITTE 2018/2019"]
[Site "Grieskirchen, Friedberg/Sauwald, St. Veit, Deutschlandsberg"]
[Date "2019.01.20"]
[Round "8"]
[Board "5"]
[White "Manhardt, Thomas"]
[Black "Tober, Gerhard"]
[Result "1-0"]
[WhiteElo "2264"]
[BlackElo "2203"]
[PlyCount "113"]
[EventDate "2018.10.19"]
[EventType "team"]
[EventRounds "11"]
[EventCountry "AUT"]
[WhiteTeam "EJ Gleisdorf"]
[BlackTeam "ASK St.Valentin"]

1. e4 c5 2. Be2 Nc6 3. f4 d5 4. d3 dxe4 5. dxe4 Qxd1+ 6. Bxd1 Nf6 7. Nc3 Bg4 8.
Be3 e6 9. h3 Bxd1 10. Rxd1 Be7 11. e5 Nd7 (11... Nd4 12. Nf3 b5) 12. Nf3 Nb4
13. O-O Nxc2 14. Bf2 Nb4 15. Nb5 O-O-O 16. Ng5 Rdf8 17. Nxa7+ Kc7 18. Ne4 Nd5
19. Nb5+ Kc6 20. Nbd6 Nxf4 21. Bxc5 Ne2+ 22. Kf2 Nxc5 23. Nxc5 Bxd6 24. Rxd6+
Kxc5 25. Kxe2 f6 26. Rxe6 Re8 27. Rxe8 Rxe8 28. Rf5 Re7 29. Kf3 fxe5 30. Ke4
Kd6 31. Rf2 Ke6 32. Rf8 g6 33. Rd8 Kf6 34. Rd6+ Kg5 35. g3 h6 36. Rb6 h5 37.
h4+ Kh6 38. Rb5 Rc7 39. Kxe5 Rf7 40. Ke4 Re7+ 41. Re5 Rd7 42. a4 Rd2 43. Rb5
Rd7 44. a5 Kg7 45. b4 Kh6 46. Rb6 Kg7 47. b5 Kh6 48. a6 bxa6 49. bxa6 Rd1 50.
Ke5 Rd3 51. a7 Ra3 52. Rb7 g5 53. Kd6 Kg6 54. Kc7 gxh4 55. gxh4 Kf5 56. Kb8 Kg4
57. Rb4+  1-0

[Event "2. BUNDESLIGA MITTE 2018/2019"]
[Site "Grieskirchen, Friedberg/Sauwald, St. Veit, Deutschlandsberg"]
[Date "2019.01.20"]
[Round "8"]
[Board "6"]
[White "Eder, Andreas"]
[Black "Wegerer, Fred"]
[Result "1/2-1/2"]
[WhiteElo "2121"]
[BlackElo "2182"]
[PlyCount "81"]
[EventDate "2018.10.19"]
[EventType "team"]
[EventRounds "11"]
[EventCountry "AUT"]
[WhiteTeam "ASK St.Valentin"]
[BlackTeam "EJ Gleisdorf"]

1. d4 d6 2. Nf3 Bg4 3. e4 Nd7 4. Bc4 e6 5. h3 Bh5 6. c3 Ngf6 7. Nbd2 d5 8. Bd3
c5 9. e5 Ng8 10. O-O Ne7 11. Qa4 Nc6 12. Bb5 Qc7 13. dxc5 Bxc5 14. Bxc6 bxc6
15. Re1 O-O 16. Qh4 Bg6 17. b4 Bb6 18. c4 Qb7 19. c5 Bd8 20. Qd4 a5 21. a3 axb4
22. axb4 Rxa1 23. Qxa1 Bc7 24. Qc3 Ra8 25. Ba3 Qa7 26. Ra1 Qb8 27. Bb2 Rxa1+
28. Bxa1 Qa8 29. Bb2 h6 30. Nb3 Be4 31. Nbd2 Qa2 32. Qd4 Bxf3 33. Nxf3 Qb1+ 34.
Kh2 f6 35. Qg4 Kf7 36. Bc3 fxe5 37. Nh4 Nf6 38. Qg3 g5 39. Nf3 Ne4 40. Nxe5+
Ke8 41. Qf3  1/2-1/2

[Event "2. BUNDESLIGA MITTE 2018/2019"]
[Site "Grieskirchen, Friedberg/Sauwald, St. Veit, Deutschlandsberg"]
[Date "2019.01.20"]
[Round "8"]
[Board "1"]
[White "Schachinger, Mario"]
[Black "Halvax, Georg"]
[Result "1/2-1/2"]
[WhiteElo "2396"]
[BlackElo "2421"]
[PlyCount "60"]
[EventDate "2018.10.19"]
[EventType "team"]
[EventRounds "11"]
[EventCountry "AUT"]
[WhiteTeam "Frauental"]
[BlackTeam "SC MPOE Maria Saal II"]

1. d4 d5 2. Nf3 Nf6 3. c4 e6 4. g3 Be7 5. Bg2 O-O 6. O-O b6 7. Ne5 Bb7 8. Nc3
Nbd7 9. Bf4 a6 10. Rc1 Rc8 11. Qa4 c6 12. cxd5 cxd5 13. Nxd7 Qxd7 14. Qxd7 Nxd7
15. e4 dxe4 16. Nxe4 Bd5 17. Bd6 Bxd6 18. Nxd6 Rxc1 19. Rxc1 Nf6 20. Nc8 Rd8
21. Nxb6 Bxa2 22. Ra1 Rb8 23. Rxa2 Rxb6 24. Bf1 Kf8 25. Bxa6 Rb4 26. Be2 Nd5
27. Bf3 Nb6 28. Kf1 Rxd4 29. Ke1 g6 30. Ra3 Rb4  1/2-1/2

[Event "2. BUNDESLIGA MITTE 2018/2019"]
[Site "Grieskirchen, Friedberg/Sauwald, St. Veit, Deutschlandsberg"]
[Date "2019.01.20"]
[Round "8"]
[Board "2"]
[White "Rieger, Robert"]
[Black "Mohr, Georg"]
[Result "1/2-1/2"]
[WhiteElo "2297"]
[BlackElo "2449"]
[PlyCount "47"]
[EventDate "2018.10.19"]
[EventType "team"]
[EventRounds "11"]
[EventCountry "AUT"]
[WhiteTeam "SC MPOE Maria Saal II"]
[BlackTeam "Frauental"]

1. e4 e6 2. d4 d5 3. Nc3 Nf6 4. e5 Nfd7 5. f4 c5 6. Nf3 Nc6 7. Be3 Qb6 8. Na4
Qa5+ 9. c3 cxd4 10. b4 Qc7 11. Nxd4 Nxd4 12. Bxd4 Nb8 13. Bd3 Nc6 14. a3 b6 15.
O-O Bd7 16. Rf2 Be7 17. Qb3 O-O 18. Nb2 g6 19. Nd1 Rac8 20. Ba6 Rce8 21. Bd3
Rc8 22. Ba6 Rce8 23. Bd3 Rc8 24. Ba6  1/2-1/2

[Event "2. BUNDESLIGA MITTE 2018/2019"]
[Site "Grieskirchen, Friedberg/Sauwald, St. Veit, Deutschlandsberg"]
[Date "2019.01.20"]
[Round "8"]
[Board "4"]
[White "Hartl, Daniel"]
[Black "Ebner, Hubert"]
[Result "1/2-1/2"]
[WhiteElo "2271"]
[BlackElo "2243"]
[PlyCount "60"]
[EventDate "2018.10.19"]
[EventType "team"]
[EventRounds "11"]
[EventCountry "AUT"]
[WhiteTeam "SC MPOE Maria Saal II"]
[BlackTeam "Frauental"]

1. d4 Nf6 2. c4 g6 3. g3 Bg7 4. Bg2 O-O 5. Nc3 d6 6. Nf3 c6 7. O-O Nbd7 8. h3
e5 9. e4 Qa5 10. Be3 Re8 11. Qc2 a6 12. a3 Qc7 13. Rac1 exd4 14. Nxd4 Ne5 15.
b3 c5 16. Nde2 Be6 17. Rcd1 Rad8 18. Nf4 Qa5 19. Bc1 b5 20. cxb5 axb5 21. Nxe6
fxe6 22. f4 Nf7 23. Ne2 Rc8 24. f5 exf5 25. exf5 g5 26. Nc3 Re5 27. Bd5 b4 28.
Be6 Re8 29. axb4 Qxb4 30. Na2 Qb6  1/2-1/2

[Event "2. BUNDESLIGA MITTE 2018/2019"]
[Site "Grieskirchen, Friedberg/Sauwald, St. Veit, Deutschlandsberg"]
[Date "2019.01.20"]
[Round "8"]
[Board "5"]
[White "Krebs, Johann"]
[Black "Ertl, Johann"]
[Result "1/2-1/2"]
[WhiteElo "2196"]
[BlackElo "2255"]
[PlyCount "98"]
[EventDate "2018.10.19"]
[EventType "team"]
[EventRounds "11"]
[EventCountry "AUT"]
[WhiteTeam "Frauental"]
[BlackTeam "SC MPOE Maria Saal II"]

1. d4 Nf6 2. c4 g6 3. Nc3 Bg7 4. e4 d6 5. Be2 O-O 6. Nf3 e5 7. O-O Nc6 8. d5
Ne7 9. Ne1 Ne8 10. Be3 f5 11. f3 f4 12. Bf2 h5 13. c5 g5 14. Rc1 Rf6 15. Nb5 a6
16. cxd6 axb5 17. dxe7 Qxe7 18. Nd3 Rg6 19. Bc5 Nd6 20. Nf2 Bf8 21. h3 Bd7 22.
Qb3 Kh8 23. Bxb5 Bxb5 24. Bxd6 Rxd6 25. Qxb5 Rb6 26. Qc4 Rxb2 27. Nd3 Rbxa2 28.
Rf2 Rxf2 29. Kxf2 Rc8 30. Qc3 Bg7 31. Qa5 Qe8 32. Qb4 b6 33. Rc6 Bf8 34. Qc3
Bd6 35. Nb2 Qe7 36. Nc4 Bc5+ 37. Ke2 Bd4 38. Qb3 Re8 39. Qb5 Ra8 40. Re6 Ra2+
41. Kd1 Qf7 42. Qc6 Kg7 43. Re8 b5 44. Qxb5 c6 45. Qb8 cxd5 46. Nd6 Ra1+ 47.
Kc2 Ra2+ 48. Kb1 Ra1+ 49. Kc2 Ra2+  1/2-1/2